000 00383 a2200145 4500
001 32964
082 _a629.134353MAT
090 _c22120
_d22120
100 _aMattingly, J.D
245 _aAircraft Engine Design, 2nd ed
250 _a2
260 _aVirginia, USA
_bAIAA Education Series
_c2002
300 _axxvii, 938 p.
_bphotocopy
500 _aBE textbook Aerospace
942 _aNUST-CAE
_k629.134353MAT
999 _c268037
_d268037